000 00521cam a2200145 4500500
005 20260322003655.0
041 _afre
042 _adc
100 1 0 _aGoujon, Patrick
_eauthor
245 0 0 _aLevent Yilmaz , Le Temps moderne , Variations sur les Anciens et les contemporains. Gallimard, 2004, 288 pages, 19,50 €
260 _c2005.
500 _a7
786 0 _nÉtudes | 402 | 2 | 2005-02-01 | p. XX-XX | 0014-1941
856 4 1 _uhttps://shs.cairn.info/revue-etudes-2005-2-page-XX?lang=fr&redirect-ssocas=7080
999 _c1733975
_d1733975